000 00303nam a22001337a 4500
999 _c527259
_d527259
040 _cNUST
082 _26th
_a510.2462
_bZIL
100 _aZill Dennis G
_91266
245 _aAdvanced Engineering Mathematics
260 _bLearning
_c2018
300 _bPB ,ill,119
521 _aPB
942 _2ddc
_cBK